American Journal of Physiology-Cell Physiology

Bibliographic Details
Format: Electronic Journal
Language:English
Published: Cambridge University Press
Online Access:Full text available on Research4Life (HINARI,AGORA,OARE,ARDI & GOALI)
LEADER 00866cas a2200181 a 4500
001 AALejournalResearch4Life003521
008 240902c9999 xx r poo 0 0eng d
022 |a 15221563 
022 |a 3636143 
040 |a BD-DhAAL  |c BD-DhAAL 
245 0 0 |h [electronic resource]  |a American Journal of Physiology-Cell Physiology 
260 |b Cambridge University Press 
300 |a 1 online resource 
362 0 |a v. 232:1 (1977) - v. 273:3 (1997), v. 273:4 (1997) - v. 324:3 (2023), v. 324:4 (2023) - current issue 
500 |a <strong>On-Campus Access Only (IP based access)</strong> 
506 |a Electronic access restricted to authorized BRAC University faculty, staff and students 
538 |a Mode of access: Internet 
856 4 0 |z Full text available on Research4Life (HINARI,AGORA,OARE,ARDI & GOALI)  |u https://login.research4life.org/tacsgr1journals_physiology_org/loi/ajpcell